MARC

LEADER 00000nam0a2200000 4500
001 274323
005 20231101234721.0
035 |a (RuTPU)RU\TPU\book\297533 
090 |a 274323 
100 |a 20141105d1967 k y0rusy50 ca 
101 0 |a rus 
102 |a RU 
105 |a a z 001zy 
200 1 |a Химия трансурановых и осколочных элементов  |e сборник статей  |f Академия наук СССР (АН СССР), Отделение общей и технической химии ; отв. ред. В. М. Вдовенко 
210 |a Ленинград  |c Наука  |d 1967 
215 |a 182 с.  |c ил. 
225 1 |a Журнал "Радиохимия" 
320 |a Библиогр. в конце статей 
606 1 |a Трансурановые элементы  |x Химия  |2 stltpush  |3 (RuTPU)RU\TPU\subj\75276  |9 87122 
606 1 |a Атомное ядро  |x Продукты деления  |2 stltpush  |3 (RuTPU)RU\TPU\subj\29699  |9 52975 
610 1 |a комплексные соединения 
610 1 |a уран 
610 1 |a нептуний 
610 1 |a америций 
610 1 |a кюрий 
610 1 |a редкоземельные элементы 
610 1 |a растворение 
610 1 |a кинетика 
610 1 |a ИК-спектроскопия 
610 1 |a актиниды 
610 1 |a хроматография 
675 |a 546.798  |v 3 
675 |a 539.173.8  |v 3 
702 1 |a Вдовенко  |b В. М.  |4 340 
712 0 2 |a Академия наук СССР (АН СССР)  |b Отделение общей и технической химии  |2 stltpush  |3 (RuTPU)RU\TPU\col\722 
801 1 |a RU  |b 63413507  |c 20141105 
801 2 |a RU  |b 63413507  |c 20160330  |g RCR 
942 |c BK